00261nam a2200109Ia 4500008004100000040001200041082001400053100002000067245003300087260002300120300000800143200103s9999||||xx |||||||||||||| ||und|| aIMU-MPC aColumn-64 aGavaskar, Sunil 0aSunny Days: An autobiography bRupa Companyc1991 a264